Securitising youth dissent: How INDIAN media frames protest in Nepal and Ladakh (Record no. 533183)
[ view plain ]
| 000 -LEADER | |
|---|---|
| fixed length control field | 01238nam a22001337a 4500 |
| 008 - FIXED-LENGTH DATA ELEMENTS--GENERAL INFORMATION | |
| fixed length control field | 260428b ||||| |||| 00| 0 eng d |
| 100 ## - MAIN ENTRY--PERSONAL NAME | |
| Personal name | Vihan, Arpit Singh, Rachi and Banaudhia, Umang |
| 245 ## - TITLE STATEMENT | |
| Title | Securitising youth dissent: How INDIAN media frames protest in Nepal and Ladakh |
| 260 ## - PUBLICATION, DISTRIBUTION, ETC. (IMPRINT) | |
| Place of publication, distribution, etc | Economic & Political Weekly |
| 300 ## - PHYSICAL DESCRIPTION | |
| Extent | 61(12), Mar 21, 2026: p.18-20 |
| 520 ## - SUMMARY, ETC. | |
| Summary, etc | The Indian mainstream media has increasingly framed youth-led protest in South Asia through a securitised lens, as seen in the cases of Nepal’s 2025 Gen Z uprising and agitation in Ladakh. Dissent, in both cases, was portrayed less as a democratic claim and more as a problem of instability, disruption and strategic risk. By contrast, international media situated both movements within a broader regional wave of generational mobilisation against shrinking civic space. The article argues that this divergence reflects a growing alignment between Indian mainstream media and state-centric notions of security, with significant consequences for how democratic dissent is publicly understood.-Reproduced https://www.epw.in/journal/2026/12/commentary/securitising-youth-dissent.html |
| 773 ## - HOST ITEM ENTRY | |
| Main entry heading | Economic & Political Weekly |
| 942 ## - ADDED ENTRY ELEMENTS (KOHA) | |
| Item type | Articles |
| Withdrawn status | Lost status | Source of classification or shelving scheme | Damaged status | Not for loan | Permanent location | Current location | Date acquired | Serial Enumeration / chronology | Barcode | Date last seen | Koha item type |
|---|---|---|---|---|---|---|---|---|---|---|---|
| Indian Institute of Public Administration | Indian Institute of Public Administration | 2026-04-28 | 61(12), Mar 21, 2026: p.18-20 | AR138695 | 2026-04-28 | Articles |
